000
00393nam a22001577a 4500
005
20251108164200.0
008
250721s1993 xx 000 0 ara d
082
1
4
_a
214.64/شري
100
1
_a
الشريف، هندي محمد
245
1
0
_a
توبة الملحدين /
264
1
_a
عمان :
_c
1993.
300
_a
214ص.
650
1
7
_a
الإلحاد
942
_2
ddc
_c
BK
999
_c
5710
_d
5710